| 000 | 01248nam a22003375a 4500 | ||
|---|---|---|---|
| 003 | CO-BoRNBP | ||
| 005 | 20250207154320.0 | ||
| 007 | ta | ||
| 008 | 220209s2023 ck a ar 000 jdspa d | ||
| 020 | _a9786289602913 | ||
| 040 |
_aCO-BoBLA _bspa _cCO-BoBLA _erda |
||
| 041 | 1 |
_aspa _heng |
|
| 082 | 0 | 4 | _a573.17 S46c |
| 100 | 1 |
_aSjoberg, Lena. _d1970 - _eautora _958084 |
|
| 245 | 1 | 3 |
_aEl corazón: _bdatos que laten / _cLena Sjöberg ; traducción Maja Bentzer. |
| 250 | _aEdición especial | ||
| 264 | 4 |
_aBogotá, Colombia _bLobolunar, _c2023 |
|
| 300 |
_a48 páginas : _bilustraciones a color ; _c26 cm. |
||
| 336 |
_atexto _btxt [ _2rdacontent] |
||
| 337 |
_asin mediación _bn [ _2rdamedia] |
||
| 338 |
_avolumen _bnc [ _2rdacarrier] |
||
| 490 |
_aPlan Nacional de Lectura, Escritura y Oralidad/ _vMinisterio de Cultura |
||
| 521 | _aRecomendado par un público infantil a partir de los 6 años | ||
| 534 | _tSlaende fakta omhjärtat. | ||
| 650 | 7 |
_2ARMARC _aAnatomía animal _vLiteratura infantil _958085 |
|
| 650 | 7 |
_2ARMARC _aCorazón _vLiteratura infantil _958086 |
|
| 650 | 7 |
_2ARMARC _aSistema cardiovascular _vLiteratura infantil _958087 |
|
| 700 | 1 |
_aBentzer, Maja, _etraductora _958088 |
|
| 942 |
_2ddc _cBKINF |
||
| 949 |
_an _bn |
||
| 999 |
_c56874 _d56874 |
||